Chân dung các nhà khoa học kỹ thuật tài danh Việt Nam

Nội dung sách viết về sự nghiệp khoa học của những người hoặc được phong Anh hùng, hoặc được tặng Giải thưởng Hồ Chí Minh, Giải thưởng Nhà nước về Khoa học - Công nghệ, Giải thưởng Kovalevskai, Huân chương Lao động, hoặc được Giải th...

Description complète

Enregistré dans:
Détails bibliographiques
Auteur principal: Vũ Bội Tuyền
Format: Livre
Langue:Vietnamese
Publié: H. Thanh Niên 2022
Sujets:
Tags: Ajouter un tag
Pas de tags, Soyez le premier à ajouter un tag!
Thư viện lưu trữ: Thư viện Trường Đại học Nam Cần Thơ
LEADER 01181nam a22001937a 4500
001 NCT_149031
008 230425b xxu||||| |||| 00| 0 vie d
999 |c 7682  |d 7682 
020 |a 97860443418743  |c 150000 
082 0 4 |2 23rd ed.  |a 001  |b T527 
100 1 |a Vũ Bội Tuyền 
245 1 0 |a Chân dung các nhà khoa học kỹ thuật tài danh Việt Nam  |c Vũ Bội Tuyền 
260 |a H.  |b Thanh Niên  |c 2022 
300 |a 365 tr.  |c 21cm 
520 3 |a Nội dung sách viết về sự nghiệp khoa học của những người hoặc được phong Anh hùng, hoặc được tặng Giải thưởng Hồ Chí Minh, Giải thưởng Nhà nước về Khoa học - Công nghệ, Giải thưởng Kovalevskai, Huân chương Lao động, hoặc được Giải thưởng khoa học có giá trị tầm quốc tế của nước ngoài. 
653 |a Tham khảo 
942 |2 ddc  |c BK 
952 |0 0  |1 0  |2 ddc  |4 0  |6 001_000000000000000_T527  |7 0  |9 27538  |a 000001  |b 000001  |d 2023-04-25  |o 001 T527  |p TK.03285  |r 2023-04-25  |v 150000.00  |w 2023-04-25  |y BK 
980 |a Thư viện Trường Đại học Nam Cần Thơ